| 000 | 00837nas a2200277 4500 | ||
|---|---|---|---|
| 001 | BR9206558 | ||
| 003 | BR-BrBNA | ||
| 005 | 20231205092934.0 | ||
| 007 | ta | ||
| 008 | 230509b bl.|||p| |||| 00| 00por d | ||
| 040 |
_aBR-BrBNA _bpor _cBiblioteca Nacional de Agricultura |
||
| 041 | _a(Pt) | ||
| 072 | _aL70 | ||
| 100 | 1 | _aDaleck, C.R. | |
| 100 | 1 | _aAlessi, A.C. | |
| 100 | 1 | _aCosta Neto, J.M. | |
| 100 | 1 | _aDaleck, C.L.M. | |
| 100 | 1 | _aPadilha Filho, J.G. | |
| 245 | 1 | _aSubstituicao de um retalho diafragmatico de cao por peritonio de bovino conservado em glicerina; estudo experimental | |
| 650 | _aCAO | ||
| 650 | _aBOVINO | ||
| 650 | _aVETERINARIA | ||
| 773 | 0 |
_tARS Veterinaria (Brazil) _xISSN 0102-6380 _g(Jun 1988), v. 4(1) p. 53-61 _wBR9206558 |
|
| 909 |
_a202311 _bLúcia _c55 _dLúcia Elande |
||
| 942 |
_2AGRIS _n0 _cANA |
||
| 999 |
_c135242 _d135242 |
||